MARC

LEADER 00000nas a2200000 a 4500
001 ssj0017371
003 WaSeSS
005 20200512172242.0
006 m d
007 cr n
008 050614c19949999gauar s g 0 0eng c
010 |a  2007228714 
035 |a (WaSeSS)ssj0017371 
040 |a OCLCS  |b eng  |c OCLCS  |d DOS  |d OCLCQ  |d OCLCF  |d OCLCQ  |d VT2  |d WaSeSS 
042 |a pcc 
043 |a n-usu-- 
050 4 |a K7  |b .E654 
082 0 4 |a 349.75/05  |a 347.5005  |2 20 
130 0 |a Journal of Southern legal history (Online) 
245 1 4 |a The journal of Southern legal history  |h [electronic resource]. 
246 1 3 |a Southern legal history 
246 1 3 |a J.S. Legal Hist 
260 |a [Atlanta, Ga.] :  |b [Georgia Legal History Foundation] 
310 |a Annual 
362 1 |a Began with vol. 3 (1994). 
506 |a License restrictions may limit access. 
538 |a Mode of access: World Wide Web. 
588 |a Description based on first issue; title from table of contents page (Hein Online, viewed Oct. 12, 2007). 
588 |a Latest issue consulted: Vol. 14, no. 1 & 2 (2006) (viewed Oct. 12, 2007). 
650 0 |a Law  |z Southern States  |x History  |v Periodicals. 
650 0 |a Justice, Administration of  |z Southern States  |x History  |v Periodicals. 
650 7 |a Justice, Administration of.  |2 fast  |0 (OCoLC)fst00985154 
650 7 |a Law.  |2 fast  |0 (OCoLC)fst00993678 
651 7 |a Southern States.  |2 fast  |0 (OCoLC)fst01244550 
655 0 |a Electronic journals. 
710 2 |a Georgia Legal History Foundation. 
776 0 8 |i Print version:  |t Journal of Southern legal history  |w (DLC) 96658630  |w (OCoLC)31953771 
780 0 0 |t Georgia journal of Southern legal history (Online)  |w (DLC) 2007228713  |w (OCoLC)56050786 
856 4 0 |z Full text available from Research Library: 01/01/2005 to 01/31/2016  |u https://search.proquest.com/publication/46880